Condition inspections of residential property: a procedural framework (Record no. 70153)

MARC details
000 -LEADER
fixed length control field 00799cam a2200217 4500
001 - CONTROL NUMBER
control field ABS65443
008 - FIXED-LENGTH DATA ELEMENTS--GENERAL INFORMATION
fixed length control field 020501n2002 000 0 eng u
035 ## - SYSTEM CONTROL NUMBER
System control number (Sirsi) u117809
100 ## - MAIN ENTRY--PERSONAL NAME
Personal name Hoxley, M.
245 ## - TITLE STATEMENT
Title Condition inspections of residential property: a procedural framework
260 ## - PUBLICATION, DISTRIBUTION, ETC.
Date of publication, distribution, etc. 2002
490 ## - SERIES STATEMENT
Series statement Structural Survey
Volume/sequential designation 20(1) 2002, 31-35(5)
520 ## - SUMMARY, ETC.
Summary, etc. Presents a procedural framework for inspection and surveying of residential properties. Recommends sequence of tasks, criteria for inspection, and how and what should be recorded. Suggests reference is made to benchmarks such as SAVA.
590 ## - LOCAL NOTE (RLIN)
Local note ABS
650 ## - SUBJECT ADDED ENTRY--TOPICAL TERM
Topical term or geographic name entry element SURVEYING
650 ## - SUBJECT ADDED ENTRY--TOPICAL TERM
Topical term or geographic name entry element PROCEDURES
650 ## - SUBJECT ADDED ENTRY--TOPICAL TERM
Topical term or geographic name entry element SAVA
650 ## - SUBJECT ADDED ENTRY--TOPICAL TERM
Topical term or geographic name entry element INSPECTIONS
690 ## - LOCAL SUBJECT ADDED ENTRY--TOPICAL TERM (OCLC, RLIN)
Topical term or geographic name as entry element PROPERTY MANAGEMENT-RESIDENTIAL PROPERTY
942 ## - ADDED ENTRY ELEMENTS (KOHA)
Suppress in OPAC 0
Holdings
Withdrawn status Lost status Source of classification or shelving scheme Damaged status Not for loan Home library Current library Shelving location Date acquired Total Checkouts Full call number Barcode Date last seen Copy number Price effective from Koha item type
    Dewey Decimal Classification     London London Journal article 01/05/2002   ABS65443 117809-1001 06/08/2019 1 06/08/2019 Journal article